[Event "Dortmund Sparkassen op 47th"]
[Site "Dortmund"]
[Date "2019.07.21"]
[Round "9"]
[White "Delere, Adrian"]
[Black "Dippel, Olaf"]
[Result "1-0"]
[WhiteElo "1858"]
[BlackElo "1914"]
[PlyCount "41"]
[EventDate "2019.07.13"]
[EventType "swiss"]
[EventRounds "9"]
[EventCountry "GER"]
[SourceTitle "EXT 2020"]
[Source "ChessBase"]
[SourceDate "2019.10.17"]
[SourceVersion "1"]
[SourceVersionDate "2019.10.17"]
[SourceQuality "1"]

1. e4 e5 2. Nf3 Nf6 3. Nc3 Nc6 4. d4 exd4 5. Nxd4 Bb4 6. Nxc6 bxc6 7. Bd3 d6 8. 0-0 0-0 9. Bg5 Bxc3 10. bxc3 h6 11. Bh4 a5 12. Qe2 Re8 13. f4 Bg4 14. Qf2 Qe7 15. Rae1 Be6 16. h3 Qf8 17. a3 Nh7 18. g4 g5 19. Bg3 d5 20. f5 dxe4 21. fxe6 1-0

[Event "Dortmund Sparkassen op 47th"]
[Site "Dortmund"]
[Date "2019.07.20"]
[Round "8"]
[White "Dippel, Olaf"]
[Black "De Smedt, Mark"]
[Result "1/2-1/2"]
[WhiteElo "1914"]
[BlackElo "1920"]
[PlyCount "122"]
[EventDate "2019.07.13"]
[EventType "swiss"]
[EventRounds "9"]
[EventCountry "GER"]
[SourceTitle "EXT 2020"]
[Source "ChessBase"]
[SourceDate "2019.10.17"]
[SourceVersion "1"]
[SourceVersionDate "2019.10.17"]
[SourceQuality "1"]

1. d4 d5 2. c4 Nc6 3. Nc3 Nf6 4. cxd5 Nxd5 5. Nf3 e5 6. e4 Nxc3 7. bxc3 exd4 8. Nxd4 Bc5 9. Bb5 0-0 10. Bxc6 bxc6 11. 0-0 Re8 12. Re1 Ba6 13. Qa4 Bd3 14. e5 Bxd4 15. cxd4 c5 16. dxc5 Qd5 17. Bb2 Re6 18. Rad1 Qc4 19. Qd7 Qxa2 20. Qxd3 Qxb2 21. Qd8+ Re8 22. Qxc7 a5 23. Qd6 a4 24. c6 a3 25. e6 fxe6 26. Rxe6 a2 27. Rxe8+ Rxe8 28. Qd7 Rf8 29. Qe6+ Kh8 30. Qe1 Qb6 31. Qd2 Qb1 32. Qd6 Rg8 33. Qd4 Qc2 34. Qd5 Qb1 35. Qd4 Qc2 36. Qa1 Qxc6 37. Qxa2 Rf8 38. Qd5 Qxd5 39. Rxd5 h6 40. g3 Rf7 41. h4 Kg8 42. Kg2 Kf8 43. f3 Ke7 44. g4 Ke6 45. Ra5 Rb7 46. Kg3 Rb4 47. g5 hxg5 48. hxg5 Kf7 49. Ra6 g6 50. Ra7+ Kg8 51. Re7 Ra4 52. Re4 Ra5 53. Kg4 Kg7 54. f4 Ra6 55. Re7+ Kg8 56. Kf3 Ra4 57. Re4 Ra6 58. Rd4 Re6 59. Kg4 Ra6 60. f5 gxf5+ 61. Kxf5 Kg7 1/2-1/2

[Event "Dortmund Sparkassen op 47th"]
[Site "Dortmund"]
[Date "2019.07.14"]
[Round "2"]
[White "Schroeder, Joerg"]
[Black "Dippel, Olaf"]
[Result "1/2-1/2"]
[WhiteElo "1985"]
[BlackElo "1914"]
[PlyCount "53"]
[EventDate "2019.07.13"]
[EventType "swiss"]
[EventRounds "9"]
[EventCountry "GER"]
[SourceTitle "EXT 2020"]
[Source "ChessBase"]
[SourceDate "2019.10.17"]
[SourceVersion "1"]
[SourceVersionDate "2019.10.17"]
[SourceQuality "1"]

1. Nf3 Nf6 2. c4 g6 3. Nc3 d5 4. cxd5 Nxd5 5. d3 Bg7 6. Bd2 0-0 7. g3 c5 8. Bg2 Nc7 9. h4 Bd7 10. h5 Bc6 11. Qc1 Re8 12. Bh6 Bf6 13. Bg5 Bg7 14. hxg6 hxg6 15. Bh6 Bf6 16. Qd2 Nd7 17. Nh4 Bxg2 18. Nxg2 Ne6 19. Ne4 Bd4 20. Nf4 Qb6 21. Nc3 Nf6 22. Nxe6 Qxe6 23. Bg7 Ng4 24. Bxd4 cxd4 25. Ne4 Rac8 26. Qg5 Kg7 27. Rh4 1/2-1/2

[Event "Dortmund Sparkassen op 47th"]
[Site "Dortmund"]
[Date "2019.07.13"]
[Round "1"]
[White "Dippel, Olaf"]
[Black "Rempel, Patrick"]
[Result "0-1"]
[WhiteElo "1914"]
[BlackElo "2119"]
[PlyCount "54"]
[EventDate "2019.07.13"]
[EventType "swiss"]
[EventRounds "9"]
[EventCountry "GER"]
[SourceTitle "EXT 2020"]
[Source "ChessBase"]
[SourceDate "2019.10.17"]
[SourceVersion "1"]
[SourceVersionDate "2019.10.17"]
[SourceQuality "1"]

1. d4 Nf6 2. Nf3 g6 3. c4 Bg7 4. Nc3 d6 5. e4 0-0 6. Be2 Nbd7 7. Bg5 e5 8. d5 a5 9. 0-0 Nc5 10. Qc2 h6 11. Be3 Nh5 12. Qd2 Kh7 13. Ne1 Nf4 14. Nd3 Ncxd3 15. Bxd3 f5 16. exf5 Bxf5 17. Bxf4 Bxd3 18. Qxd3 exf4 19. f3 Rf5 20. Rae1 Be5 21. Re2 Rh5 22. g3 fxg3 23. f4 Rxh2 24. fxe5 Qh4 25. Rf7+ Kh8 26. Ne4 Rh1+ 27. Kg2 Qh3+ 0-1

[Event "Ruhrgebiet Bezirkszweite 1718 Aufstieg"]
[Site "Germany"]
[Date "2018.06.10"]
[Round "2.5"]
[White "Dippel, Olaf"]
[Black "Schulte, Hubert"]
[Result "1/2-1/2"]
[WhiteElo "1700"]
[BlackElo "1682"]
[PlyCount "60"]
[EventDate "2018.06.10"]
[EventType "team-k.o."]
[EventRounds "3"]
[EventCountry "GER"]
[SourceTitle "EXT 2022"]
[Source "ChessBase"]
[SourceDate "2021.10.06"]
[SourceVersion "1"]
[SourceVersionDate "2021.10.06"]
[SourceQuality "1"]
[WhiteTeam "Borbeck Weisse Dame II"]
[BlackTeam "Marten Boevinghausen"]
[WhiteTeamCountry "GER"]
[BlackTeamCountry "GER"]

1. d4 d5 2. c4 e6 3. Nc3 c5 4. cxd5 exd5 5. e3 c4 6. g3 Bb4 7. Bg2 Bf5 8. Bd2 Bxc3 9. Bxc3 Nc6 10. Ne2 Nf6 11. 0-0 0-0 12. Bd2 b5 13. b3 Qd6 14. bxc4 bxc4 15. Nc3 Rab8 16. e4 dxe4 17. Bf4 Qxd4 18. Qxd4 Nxd4 19. Bxb8 Rxb8 20. Rab1 Rc8 21. Rb7 h6 22. Rxa7 Nf3+ 23. Bxf3 exf3 24. h4 Rd8 25. Rd1 Bd3 26. Re1 Rb8 27. a4 Rb3 28. Nb5 Ng4 29. Nd4 Rb2 30. Nxf3 Nxf2 1/2-1/2

[Event "Ruhrgebiet Verbandsklasse Gruppe 3 1617"]
[Site "Germany"]
[Date "2017.03.12"]
[Round "8.7"]
[White "Dippel, Olaf"]
[Black "Rebentisch, Tom"]
[Result "0-1"]
[WhiteElo "1668"]
[BlackElo "1882"]
[PlyCount "94"]
[EventDate "2016.09.04"]
[EventType "team-tourn"]
[EventRounds "9"]
[EventCountry "GER"]
[SourceTitle "EXT 2022"]
[Source "ChessBase"]
[SourceDate "2021.10.06"]
[SourceVersion "1"]
[SourceVersionDate "2021.10.06"]
[SourceQuality "1"]
[WhiteTeam "Borbeck Weisse Dame II"]
[BlackTeam "Horst Emscher II"]
[WhiteTeamCountry "GER"]
[BlackTeamCountry "GER"]

1. d4 d5 2. c4 e6 3. Nf3 Nf6 4. Bg5 Be7 5. Nc3 c6 6. e3 0-0 7. Bd3 Nbd7 8. 0-0 dxc4 9. Bxc4 c5 10. dxc5 Nxc5 11. Rc1 b6 12. b4 Ncd7 13. a3 Bb7 14. Nb5 a6 15. Nd6 Bxf3 16. gxf3 Ne5 17. Bxf6 gxf6 18. Ne4 Qxd1 19. Rfxd1 Nxf3+ 20. Kg2 Ne5 21. Be2 f5 22. Ng3 a5 23. Rc7 Ng6 24. bxa5 Rxa5 25. Rb7 Bc5 26. Ra1 f4 27. Ne4 fxe3 28. Nxc5 bxc5 29. fxe3 Rfa8 30. Rb3 Ne7 31. e4 Nc6 32. Rb5 Nd4 33. Rxa5 Rxa5 34. Kf2 Nc2 35. Ra2 Nxa3 36. Ke3 c4 37. Rb2 c3 38. Rb8+ Kg7 39. Rc8 c2 40. Bd3 Rh5 41. Bxc2 Rxh2 42. Ba4 Rb2 43. Rc7 Rb4 44. Bd7 Kf6 45. Rc6 Nc4+ 46. Kf4 Ne5 47. Rc7 Rb3 0-1

[Event "Ruhrgebiet Verbandsklasse Gruppe 1 1516"]
[Site "Germany"]
[Date "2015.11.08"]
[Round "3.6"]
[White "Jerig, Markus"]
[Black "Dippel, Olaf"]
[Result "1/2-1/2"]
[WhiteElo "1675"]
[BlackElo "1687"]
[PlyCount "35"]
[EventDate "2015.09.06"]
[EventType "team-tourn"]
[EventRounds "9"]
[EventCountry "GER"]
[SourceTitle "EXT 2022"]
[Source "ChessBase"]
[SourceDate "2021.10.06"]
[SourceVersion "1"]
[SourceVersionDate "2021.10.06"]
[SourceQuality "1"]
[WhiteTeam "Osterfeld Schwarze Dame"]
[BlackTeam "Borbeck Weisse Dame II"]
[WhiteTeamCountry "GER"]
[BlackTeamCountry "GER"]

1. c4 b6 2. Nc3 Bb7 3. d3 e5 4. e4 Nf6 5. Bg5 Be7 6. Nf3 d6 7. Be2 0-0 8. 0-0 c5 9. Nd2 Nc6 10. f4 Nd4 11. fxe5 dxe5 12. Bxf6 Bxf6 13. Nd5 Bg5 14. Nf3 Bxd5 15. cxd5 Be3+ 16. Kh1 f6 17. Nxd4 cxd4 18. Bg4 1/2-1/2

[Event "Ruhrgebiet Verbandsklasse Gruppe 1 1516"]
[Site "Germany"]
[Date "2015.09.27"]
[Round "2.7"]
[White "Volbracht, Michael"]
[Black "Dippel, Olaf"]
[Result "1/2-1/2"]
[WhiteElo "1739"]
[BlackElo "1687"]
[PlyCount "56"]
[EventDate "2015.09.06"]
[EventType "team-tourn"]
[EventRounds "9"]
[EventCountry "GER"]
[SourceTitle "EXT 2022"]
[Source "ChessBase"]
[SourceDate "2021.10.06"]
[SourceVersion "1"]
[SourceVersionDate "2021.10.06"]
[SourceQuality "1"]
[WhiteTeam "Welper SV II"]
[BlackTeam "Borbeck Weisse Dame II"]
[WhiteTeamCountry "GER"]
[BlackTeamCountry "GER"]

1. e4 e5 2. Nf3 Nf6 3. Nxe5 d6 4. Nf3 Nxe4 5. d4 d5 6. Bd3 Nf6 7. 0-0 Be7 8. Bg5 0-0 9. Nbd2 Nc6 10. c3 Bg4 11. Qc2 h6 12. Bh4 Re8 13. Rfe1 Nh5 14. Bxe7 Rxe7 15. Rxe7 Nxe7 16. Ne5 Be6 17. Re1 Nf4 18. Nf1 Nxd3 19. Qxd3 Qd6 20. Ng3 c5 21. Nf3 Nc6 22. dxc5 Qxc5 23. h3 Rd8 24. Ne2 Qc4 25. Qxc4 dxc4 26. Ned4 Nxd4 27. Nxd4 Rd6 28. Re5 Rd5 1/2-1/2

[Event "Ruhrgebiet Verbandsklasse Gruppe 2 1415"]
[Site "Germany"]
[Date "2014.12.14"]
[Round "4"]
[White "Urbanek, Rainer"]
[Black "Dippel, Olaf"]
[Result "0-1"]
[WhiteElo "1695"]
[BlackElo "1688"]
[PlyCount "82"]
[EventDate "2014.09.21"]
[EventType "team-tourn"]
[EventRounds "9"]
[EventCountry "GER"]
[SourceTitle "EXT 2022"]
[Source "ChessBase"]
[SourceDate "2021.10.06"]
[SourceVersion "1"]
[SourceVersionDate "2021.10.06"]
[SourceQuality "1"]
[WhiteTeam "Bochum SC an der Uni"]
[BlackTeam "Borbeck Weisse Dame II"]
[WhiteTeamCountry "GER"]
[BlackTeamCountry "GER"]

1. e4 e5 2. Nf3 Nc6 3. Bb5 a6 4. Ba4 Nf6 5. d3 d6 6. 0-0 Be7 7. c3 0-0 8. h3 b5 9. Bc2 Bb7 10. Re1 Nb8 11. d4 Nbd7 12. dxe5 dxe5 13. Nbd2 c5 14. Nf1 Re8 15. Ng3 g6 16. Bg5 Qc7 17. a4 Bf8 18. Bd3 c4 19. Bc2 Bg7 20. Be3 Rad8 21. Qc1 Nc5 22. Bxc5 Qxc5 23. Qb1 b4 24. cxb4 Qxb4 25. Re2 Nd7 26. Qe1 Qxe1+ 27. Raxe1 Nc5 28. Nf1 Nd3 29. Rb1 Nb4 30. Ne1 a5 31. Bd1 Rd4 32. f3 Red8 33. Bc2 Ba6 34. g4 Bf8 35. Kh2 Bh6 36. Ng2 Nxc2 37. Rxc2 Rd3 38. Kg3 Rb3 39. Ne1 c3 40. Rxc3 Rxc3 41. bxc3 Bxf1 0-1

[Event "Dortmund op-A"]
[Site "Dortmund"]
[Date "2007.06.30"]
[Round "8"]
[White "Konietzka, Lutz"]
[Black "Dippel, Olaf"]
[Result "1/2-1/2"]
[WhiteElo "2106"]
[BlackElo "1752"]
[PlyCount "66"]
[EventDate "2007.06.22"]
[EventType "swiss"]
[EventRounds "9"]
[EventCountry "GER"]
[SourceTitle "EXT 2008"]
[Source "ChessBase"]
[SourceDate "2007.11.25"]
[SourceVersion "1"]
[SourceVersionDate "2007.11.25"]
[SourceQuality "1"]

1. Nf3 Nf6 2. g3 g6 3. b3 Bg7 4. Bb2 b6 5. Bg2 Bb7 6. c4 c5 7. 0-0 0-0 8. Nc3 e6 9. d4 cxd4 10. Nxd4 Bxg2 11. Kxg2 Nc6 12. e4 Nxd4 13. Qxd4 d5 14. e5 Nd7 15. cxd5 Bxe5 16. Qd2 exd5 17. Nxd5 Bg7 18. Bxg7 Kxg7 19. Qb2+ f6 20. Rad1 Rf7 21. Rd2 Qc8 22. Re1 Qc6 23. Rc1 Nc5 24. b4 Rd8 25. Rcd1 Na4 26. Qb3 b5 27. Kg1 Rdd7 28. Rd3 Qc4 29. Rd4 Qxb3 30. axb3 Rxd5 31. Rxd5 Nc3 32. R1d3 Nxd5 33. Rxd5 Rb7 1/2-1/2

[Event "Dortmund op-A"]
[Site "Dortmund"]
[Date "2007.06.26"]
[Round "4"]
[White "Olyschlaeger, Richard"]
[Black "Dippel, Olaf"]
[Result "1-0"]
[WhiteElo "1903"]
[BlackElo "1752"]
[PlyCount "71"]
[EventDate "2007.06.22"]
[EventType "swiss"]
[EventRounds "9"]
[EventCountry "GER"]
[SourceTitle "EXT 2008"]
[Source "ChessBase"]
[SourceDate "2007.11.25"]
[SourceVersion "1"]
[SourceVersionDate "2007.11.25"]
[SourceQuality "1"]

1. e4 e5 2. f4 exf4 3. Bc4 Qh4+ 4. Kf1 d6 5. Nc3 Be6 6. d3 Nc6 7. Nf3 Qf6 8. Ne2 g5 9. Bd2 Bg7 10. Bb5 Bd7 11. h4 h6 12. Bc3 Ne5 13. Bxd7+ Kxd7 14. Nxe5+ dxe5 15. d4 Ke8 16. dxe5 Qc6 17. Nd4 Qxe4 18. Qh5 Ne7 19. Re1 Qg6 20. Qf3 c6 21. e6 f5 22. h5 Qh7 23. g3 Nd5 24. gxf4 Nxc3 25. bxc3 Bxd4 26. cxd4 Rd8 27. c3 g4 28. Qd3 Ke7 29. Re5 Rhf8 30. Kg2 Rf6 31. Rb1 b5 32. d5 Qg8 33. c4 cxd5 34. cxd5 Rxe6 35. Qa3+ Kf7 36. Qxa7+ 1-0

[Event "Ruhrgebiet-ch"]
[Site "Muelheim"]
[Date "2007.06.03"]
[Round "3"]
[White "Dippel, Olaf"]
[Black "Trzaska, Peter"]
[Result "1/2-1/2"]
[WhiteElo "1703"]
[BlackElo "2056"]
[PlyCount "80"]
[EventDate "2007.06.01"]
[EventType "swiss"]
[EventRounds "7"]
[EventCountry "GER"]
[SourceTitle "EXT 2008"]
[Source "ChessBase"]
[SourceDate "2007.11.25"]
[SourceVersion "1"]
[SourceVersionDate "2007.11.25"]
[SourceQuality "1"]

1. d4 d5 2. c4 dxc4 3. Nc3 e5 4. e3 exd4 5. Qxd4 Qxd4 6. exd4 Nf6 7. Bxc4 Be7 8. Nf3 0-0 9. 0-0 Nbd7 10. Re1 Bd6 11. Nb5 Nb6 12. Nxd6 cxd6 13. Bb3 Bg4 14. Bg5 Bxf3 15. Bxf6 gxf6 16. gxf3 Rfe8 17. Rac1 Kf8 18. Re3 Rac8 19. Rxe8+ Kxe8 20. Rxc8+ Nxc8 21. Kf1 Nb6 22. Ke2 d5 23. Ke3 Ke7 24. Kf4 Ke6 25. Bc2 h6 26. b3 h5 27. Bf5+ Ke7 28. Kg3 Na8 29. Kh4 Nc7 30. Kxh5 Nb5 31. Kg4 Nxd4 32. Bd3 a5 33. h4 Kf8 34. Kf4 Kg7 35. Ke3 Nc6 36. Bf5 b6 37. a3 b5 38. f4 b4 39. a4 Kh6 40. Bg4 Kg6 1/2-1/2